Từ vựng ngữ nghĩa tiếng việt

שמור ב:
מידע ביבליוגרפי
מחבר ראשי: Đỗ Hữu Châu
פורמט: ספר
שפה:Vietnamese
יצא לאור: H. Đại học quốc gia Hà Nội 1996
נושאים:
תגים: הוספת תג
אין תגיות, היה/י הראשונ/ה לתייג את הרשומה!
Thư viện lưu trữ: Mạng thư viện Đại học Đà Nẵng
LEADER 01006nam a2200313 4500
001 000008326
003 4512
005 20120529150514.0
008 111014s1996 viesd
041 0 |a vie 
082 |a 495.9222  |b ĐÔ-C 
100 0 |a Đỗ Hữu Châu 
245 0 |a Từ vựng ngữ nghĩa tiếng việt  |c Đỗ Hữu Châu 
260 |a H.  |b Đại học quốc gia Hà Nội  |c 1996 
300 |a 307tr.  |c 21cm 
653 |a Tiếng Việt 
653 |a Ngữ nghĩa 
653 |a Từ vựng 
910 |a may  |d 14/10/2011 
OWN |a LSP 
AVA |a UDN50  |b LSP  |d 495.9222 ĐÔ-C  |e available  |t Error 5001 Not defined in file expand_doc_bib_avail.  |f 3  |g 1  |h N  |i 0  |k 1 
999 |a From the UDN01 
AVA |a UDN50  |b LSP  |d 495.9222 ĐÔ-C  |e available  |t Error 5001 Not defined in file expand_doc_bib_avail.  |f 3  |g 1  |h N  |i 0  |k 1 
TYP |a Monograph 
TYP |a Printed language 
980 |a Mạng thư viện Đại học Đà Nẵng